00315 a2200109 450000500170000002000180001708200150003510000190005024500600006926000470012930000290017620250530134614.0 a9966-28-646-2 a651.75 SAL aSALEEMI, N .A. aBusiness Communication and Report Writing Simplified aNairobi,bSaleemi publications Ltd,c2013. av, 468p.:figures.c23cm.